Vtesse Networks Ltc v Alan Roy Bradford (Record no. 78307)
[ view plain ]
| 000 -LEADER | |
|---|---|
| fixed length control field | 01459cab a2200229 4500 |
| 001 - CONTROL NUMBER | |
| control field | L136477 |
| 008 - FIXED-LENGTH DATA ELEMENTS--GENERAL INFORMATION | |
| fixed length control field | 070202n2006 000 0 eng u |
| 035 ## - SYSTEM CONTROL NUMBER | |
| System control number | (Sirsi) u136477 |
| 041 0# - LANGUAGE CODE | |
| Language code of text/sound track or separate title | eng |
| 245 00 - TITLE STATEMENT | |
| Title | Vtesse Networks Ltc v Alan Roy Bradford |
| Medium | [electronic resource] |
| 260 ## - PUBLICATION, DISTRIBUTION, ETC. | |
| Date of publication, distribution, etc. | 2006 |
| 520 ## - SUMMARY, ETC. | |
| Summary, etc. | [2006] EWCA Civ 1339, 19 October 2006. The appellant telecommunications company appealed against a decision of the Lands Tribunal that the whole of a fibre optic Telecommunications network operated by the company constituted a rateable hereditament, of which the company was in occupation, so that the company was liable for non-domestic rates in respect of it. The company contended that the network could not be described as a "unit of property" within the meaning of the General Rate Act 1967 s.115. "Held": the tribunal's conclusion that the network was a unit of property, so as to form a hereditament was not reached as a result of any error of law. |
| 590 ## - LOCAL NOTE (RLIN) | |
| Local note | KA |
| 650 24 - SUBJECT ADDED ENTRY--TOPICAL TERM | |
| Topical term or geographic name entry element | GILBERT V HICKINBOTTOM AND SONS |
| 650 24 - SUBJECT ADDED ENTRY--TOPICAL TERM | |
| Topical term or geographic name entry element | HOLYWELL UNION V HALKYN DISTRICT MINES DRAINAGE CO |
| 650 24 - SUBJECT ADDED ENTRY--TOPICAL TERM | |
| Topical term or geographic name entry element | WESTMINSTER CITY COUNCIL V SOUTHERN RAILWAY CO LTD |
| 650 24 - SUBJECT ADDED ENTRY--TOPICAL TERM | |
| Topical term or geographic name entry element | GENERAL RATE ACT 1967 S115(1) |
| 651 #4 - SUBJECT ADDED ENTRY--GEOGRAPHIC NAME | |
| Geographic name | England |
| Chronological subdivision | 886- |
| 690 ## - LOCAL SUBJECT ADDED ENTRY--TOPICAL TERM (OCLC, RLIN) | |
| Topical term or geographic name as entry element | PROPERTY-COMMERCIAL PROPERTY-COMMERCIAL PROPERTY TAXATION-BUSINESS RATES |
| 856 40 - ELECTRONIC LOCATION AND ACCESS | |
| Uniform Resource Identifier | <a href="https://www.bailii.org/ew/cases/EWCA/Civ/2006/1339.html">https://www.bailii.org/ew/cases/EWCA/Civ/2006/1339.html</a> |
| Public note | View the item free of charge at www.bailii.org... |
| 942 ## - ADDED ENTRY ELEMENTS (KOHA) | |
| Suppress in OPAC | 0 |
| Withdrawn status | Lost status | Source of classification or shelving scheme | Damaged status | Not for loan | Home library | Current library | Shelving location | Date acquired | Total Checkouts | Full call number | Barcode | Date last seen | Copy number | Price effective from | Koha item type |
|---|---|---|---|---|---|---|---|---|---|---|---|---|---|---|---|
| Dewey Decimal Classification | Virtual | Virtual | Online | 02/02/2007 | ONLINE PUBLICATION | 136477-1001 | 06/08/2019 | 1 | 06/08/2019 | Law report |